| 000 | 00802nam a2200217 a 4500 | ||
|---|---|---|---|
| 001 | 000032453 | ||
| 003 | OSt | ||
| 005 | 20240229073937.0 | ||
| 008 | 110718s1936 dr c 000 0 spa d | ||
| 040 |
_aDO-SdBNP _bspa _cBNPHU |
||
| 082 | 4 |
_a923.17293053 _bT866b |
|
| 100 | 1 |
_aMachado Báez, Manuel A. _938585 |
|
| 245 | 1 | 3 |
_aEl Benefactor : _bbiografía del presidente Trujillo Molina / _cM. A. Machado Báez. |
| 260 |
_aSantiago de los Caballeros, República Dominicana : _bEl Diario, _c1936. |
||
| 300 |
_a101 p. : _bil., retr. ; _c18 cm. |
||
| 600 | 1 | 0 |
_aTrujillo Molina, Rafael Leónidas, _d 1891-1961 _976764 |
| 650 | 4 |
_aPresidentes _zRepública Dominicana _vBiografías _91288 |
|
| 651 | 4 |
_aRepública Dominicana _vBiografías _91083 |
|
| 910 | _aValidado. Control de calidad MFF | ||
| 942 |
_2ddc _cLBS1 |
||
| 999 |
_c31944 _d31944 |
||